Quiz sur Chelsea - Statistiques

Statistiques générales
  • Ce quiz a été pris 382 fois
    80 depuis la dernière actualisation
  • Le résultat moyen est 8 sur 35
Statistiques - réponses
Question Réponse % Correct
Quels entraîneurs étaient à la tête de Chelsea lors des succès des Londoniens en LDC en 2012 et en 2021 ? Roberto Di Matteo / Thomas Tuchel
61%
Combien de Premier League José Mourinho a-t-il gagnés lors de ses deux passages à Chelsea ? 3
44%
En quelle année Chelsea a-t-il gagné son unique titre de Champion d'Angleterre avant l'arrivée de Roman Abramovich en 2003 ? 1955
39%
Lors de la finale de la Coupe de la Ligue en 2022 contre Liverpool, combien de buts Chelsea s'est vu refuser pour des positions de hors-jeu ? 3
37%
Le 19 mai 2024, lors de la rencontre Chelsea - Bournemouth, quel joueur a inscrit son premier but avec les Blues d'une frappe du milieu de terrain ? Moisés Caicedo
37%
Depuis la saison 2003/2004, Chelsea a systématiquement passé les phases de poules de la Ligue des Champions quand il participait à la compétition, sauf une fois. En quelle année ? 2012/2013
35%
Le 22 mars 2014, Chelsea s'imposait 6-0 contre Arsenal. Lequel de ces joueurs des Blues n'a PAS trouvé le chemin des filets ce jour-là ? Fernando Torres
35%
Laquelle de ces propositions est FAUSSE concernant la saison 2023/2024 de Cole Palmer ? Il a marqué plus de la moitié de ses buts sur penalty
35%
Lequel de ces joueurs a la particularité d'avoir disputé son premier match avec Chelsea en finale de la Ligue des Champions 2012 contre le Bayern Munich ? Ryan Bertrand
33%
Lequel de ces joueurs de Chelsea n'a PAS marqué lors de l'épopée européenne victorieuse en Ligue des Champions 2020/2021 ? Mateo Kovacic
31%
Lequel de ces joueurs français n'est JAMAIS passé par Chelsea ? Laurent Blanc
30%
En 1/2 finale retour d'Europa League 2019, Chelsea se qualifie aux tirs au but face à l'Eintracht Francfort à Stamford Bridge. Quel joueur formé à Chelsea avait ouvert le score dans ce match ? Ruben Loftus-Cheek
28%
Contre quelle équipe londonienne César Azpilicueta a-t-il inscrit son premier but avec Chelsea ? Arsenal
24%
Quelle affirmation est FAUSSE concernant le match Chelsea - Ajax (4-4) du 5 novembre 2019 ? Pulisic a inscrit le but du 5-4 que la VAR a ensuite refusé
24%
Quelle rencontre de Premier League 2023/2024 a été élue "plus beau match de la saison" ? Chelsea 4-4 Manchester City
22%
En 2008, Chelsea perd en finale de Ligue des Champions contre Manchester United aux tirs au but. Dans quelle ville a eu lieu la rencontre ? Moscou
20%
En 2009/2010, Chelsea valide son 4ème titre de champion en gagnant son dernier match 8-0. Quelle équipe fut surclassée par les Blues ? Wigan
20%
En 2014/2015, Chelsea réalise le doublé Premier League + Coupe de la Ligue, mais connaît une immense désillusion en FA Cup. Quelle équipe élimine les Blues à Stamford Bridge en 16èmes de finale ? Bradford City
19%
Lequel de ces joueurs a réalisé le triplé parfait à Burnley en octobre 2019 (un but du pied gauche, un but du pied droit, un but de la tête) ? Christian Pulisic
19%
Qu'est ce qui est FAUX à propos de la saison 2014/2015 de Chelsea dans le Championnat d'Angleterre ? Première défaite en janvier
17%
Combien Chelsea a-t-il gagné de Coupes d'Europe (C1 + C2 + C3 + C4, Supercoupes d'Europe exclues) ? 7
15%
En 2024/2025, quel joueur inscrit l'unique but du match à Nottingham Forest lors de la dernière journée de Premier League qui permet à Chelsea de se qualifier en Ligue des Champions ? Levi Colwill
15%
Lors de la saison 2014/2015, combien de rencontres de Ligue des Champions ont été perdues par Chelsea ? 0
13%
Lors de la saison 2022/2023, Chelsea a terminé à la 12ème place avec 44 points. Combien de buts les Blues avaient-ils inscrits en 38 journées de Championnat ? 38
13%
Laquelle de ces propositions concernant la rencontre Chelsea - Manchester United (4-3) disputée le 4 avril 2024 est VRAIE ? Conor Gallagher a ouvert le score dans les cinq premières minutes
13%
Avec lequel de ce entraîneurs Chelsea n'a-t-il JAMAIS gagné de Coupe d'Europe ? José Mourinho
13%
Quel joueur est le plus capé de l'histoire du club ? Ron Harris
13%
Lequel de ces joueurs de Chelsea n'a JAMAIS inscrit de triplé avec le club ? Willian
13%
QUESTION BONUS: Combien de matchs de Coupe d'Europe Chelsea a-t-il perdus lors de la saison 2016/2017 ? 0
11%
Combien de rencontres ont été perdues par Chelsea lors de la saison 2016/2017 de Premier League marquée par le 6ème titre de champion des Blues ? 5
9%
Une rivalité sportive importante oppose Chelsea à une autre équipe anglaise. Une affiche qui est d'ailleurs la plus jouée Outre-Manche au XXIème siècle. Mais qui est cet adversaire ? Liverpool
9%
Combien de finales de coupes nationales consécutives (FA Cup + Carabao Cup) ont été perdues par Chelsea entre 2019 et 2024 (série toujours en cours) ? 6
7%
Entre 2003/2004 et 2022/2023 inclus, combien de demi-finales de Ligue des Champions Chelsea a-t-il disputées ? 8
7%
Laquelle de ces équipes françaises Chelsea n'a-t-il JAMAIS affrontée en Ligue des Champions ? Olympique Lyonnais
7%
Laquelle de ces affirmations est FAUSSE concernant l'histoire européenne de Chelsea ? Premier club de Londres à avoir gagné une Coupe d'Europe
6%
Aucun quiz correspondant
Distribution des résultats
% des personnes avec chaque résultat
Percentile par nombre de réponses
Votre historique - résultats
Vous n’avez pas pris ce quiz depuis la dernière actualisation